Principles of genetics
Đã lưu trong:
| Tác giả chính: | |
|---|---|
| Định dạng: | Sách |
| Ngôn ngữ: | Undetermined |
| Được phát hành: |
Neww York
John Wiley and Sons
1999
|
| Những chủ đề: | |
| Các nhãn: |
Thêm thẻ
Không có thẻ, Là người đầu tiên thẻ bản ghi này!
|
| Thư viện lưu trữ: | Trung tâm Học liệu Trường Đại học Cần Thơ |
|---|
| LEADER | 00547nam a2200193Ia 4500 | ||
|---|---|---|---|
| 001 | CTU_48882 | ||
| 008 | 210402s9999 xx 000 0 und d | ||
| 082 | |a 576.5 | ||
| 082 | |b S674 | ||
| 100 | |a D. Peter Snustad | ||
| 245 | 0 | |a Principles of genetics | |
| 245 | 0 | |c D. Peter Snustad, Michael J. Simmons | |
| 260 | |a Neww York | ||
| 260 | |b John Wiley and Sons | ||
| 260 | |c 1999 | ||
| 526 | |a Thâm cứu di truyền chọn giống II | ||
| 526 | |b NN904 | ||
| 650 | |a genetics | ||
| 980 | |a Trung tâm Học liệu Trường Đại học Cần Thơ | ||